ბათუმის შოთა რუსთაველის სახელმწიფო უნივერსიტეტის ბიბლიოთეკა

Cutting EDGE. New. Pre-Intermediate. Workbook : (ბიბ.ჩანაწერი № 50877)

000 -LEADER
fixed length control field 00776nam a2200241Ia 4500
001 - CONTROL NUMBER
control field 17832
003 - CONTROL NUMBER IDENTIFIER
control field GE_BSU
005 - DATE AND TIME OF LATEST TRANSACTION
control field 20200226113627.0
008 - FIXED-LENGTH DATA ELEMENTS--GENERAL INFORMATION
fixed length control field 181216s2005en xx |||||||||||||| ||eng||
020 ## - INTERNATIONAL STANDARD BOOK NUMBER
International Standard Book Number 9780582825116
040 ## - CATALOGING SOURCE
Transcribing agency GE_BSU
080 ## - UNIVERSAL DECIMAL CLASSIFICATION NUMBER
Universal Decimal Classification number 811.111(076) C-73
245 ## - TITLE STATEMENT
Title Cutting EDGE. New. Pre-Intermediate. Workbook :
Remainder of title Pre-Intermediate. Workbook /
Statement of responsibility, etc. Carr Comyns Jane ; Sarah Cunningham ; Moor Peter.
264 ## - PRODUCTION, PUBLICATION, DISTRIBUTION, MANUFACTURE, AND COPYRIGHT NOTICE
Place of production, publication, distribution, manufacture Edinburg :
Name of producer, publisher, distributor, manufacturer Pearson Longman,
Date of production, publication, distribution, manufacture, or copyright notice 2005.
300 ## - PHYSICAL DESCRIPTION
Extent 112 p.:
Other physical details ill ;
Dimensions 28 cm.
653 ## - INDEX TERM--UNCONTROLLED
keyword Cutting EDGE
653 ## - INDEX TERM--UNCONTROLLED
keyword Pre-Intermediate. Workbook
653 ## - INDEX TERM--UNCONTROLLED
keyword ინგლისური ენა
700 ## - ADDED ENTRY--PERSONAL NAME
Personal name Comyns Carr, Jane
9 (RLIN) 7462
700 ## - ADDED ENTRY--PERSONAL NAME
Personal name Sarah, Cunningham,
9 (RLIN) 7463
700 ## - ADDED ENTRY--PERSONAL NAME
Personal name Moor, Peter
9 (RLIN) 7464
942 ## - ADDED ENTRY ELEMENTS (KOHA)
Koha item type წიგნი
Source of classification or shelving scheme
ეგზემპლარები
Withdrawn status Lost status Source of classification or shelving scheme Damaged status Not for loan Permanent Location Current Location Shelving location Date acquired Cost, normal purchase price Full call number Barcode Date last seen Copy number Price effective from Koha item type Public note
          ბათუმის შოთა რუსთაველის სახელმწიფო უნივერსიტეტის მთავარი ბიბლიოთეკა ბათუმის შოთა რუსთაველის სახელმწიფო უნივერსიტეტის მთავარი ბიბლიოთეკა წიგნსაცავი 2018-12-17 6.00 811.111(076) C-73 45709 2018-12-17 45709 2018-12-17 წიგნი 6.00₾.
          ბათუმის შოთა რუსთაველის სახელმწიფო უნივერსიტეტის მთავარი ბიბლიოთეკა ბათუმის შოთა რუსთაველის სახელმწიფო უნივერსიტეტის მთავარი ბიბლიოთეკა წიგნსაცავი 2018-12-17 6.00 811.111(076) C-73 27942 2018-12-17 27942 2018-12-17 წიგნი 6.00 ლ.